00843nam a2200229 i 450000100060000000300090000600500170001500700030003200800410003508000310007624500890010726000300019630000510022660000430027765500480032070000280036871100500039685200210044694200080046799900170047595201210049245034ES-MaACL20230906161136.0t|030325s1984 sp af |||| |dspa d a75 Clavé, Antoni (064.3)00aAntoni Clavé b: Pabellón de España, Bienal de Venecia, junio-septiembre 1984. a[Madrid : bs.n., c1984] a120 p., 94 lám. : bil. col. y n. ; c31 cm.14aClavé, Antoni-vExposiciones.939111 72tgfbne9193628aCatálogos de exposiciones1 aClavé, Antoni.9391102 aBiennale di Venezia (n41ª. d1984. 9226686 aES-MaACLjL-6055 2udc c45034d45034 00104070aATENEOMbATENEOMcDEPO2d2008-01-17eSCl0oL-6055p1047395r2023-02-23 00:00:00w2023-02-23yMONOGRAFIA